Semiconductors and the worldwide spread of technology ; highlights of International diffusion of technology; the case of semiconductors /

Bibliographic Details
Corporate Author: Brookings Institution
Other Authors: Tilton, John E.
Format: Book
Language:English
Published: Washington : Brookings Institution, [1971]
Series:Brookings research report ; 118.
Subjects:

MARC

Tag First Indicator Second Indicator Subfields
LEADER 00000cam a2200000 4500
001 in00000227721
005 20151009075218.0
008 720320s1971 dcu 00000 eng d
010 |a  72177483  
035 |a (OCoLC)00278654 
035 |9 AAZ3505AM 
040 |a DLC  |c DLC  |d TXA  |d UtOrBLW 
049 |a TXAM  |c [1150059] 
050 0 0 |a H62  |b .B714 no. 118  |a HC79.T4 
082 0 |a 338.4/7/62138152 
245 0 0 |a Semiconductors and the worldwide spread of technology ;  |b highlights of International diffusion of technology; the case of semiconductors /  |c by John E. Tilton. 
264 1 |a Washington :  |b Brookings Institution,  |c [1971] 
264 4 |c [©1971] 
300 |a 9 pages ;  |c 23 cm. 
336 |a text  |b txt  |2 rdacontent 
337 |a unmediated  |b n  |2 rdamedia 
338 |a volume  |b nc  |2 rdacarrier 
490 1 |a Brookings research report,  |v 118 
500 |a Cover title. 
650 0 |a Diffusion of innovations  |x Case studies. 
650 0 |a Technological innovations  |v Case studies. 
650 0 |a Semiconductors. 
700 1 |a Tilton, John E.  |t International diffusion of technology. 
710 2 |a Brookings Institution. 
830 0 |a Brookings research report ;  |v 118. 
999 |a MARS 
999 f f |s 44a003f0-49df-34cc-8665-07ddc665c9ba  |i 8dcc7cae-a5bc-37ba-a07f-c32aac77f26a  |t 0 
952 f f |p normal  |a Texas A&M University  |b College Station  |c Sterling C. Evans Library  |d Evans: Library Stacks  |t 0  |e H62 .B714 no. 118  |h Library of Congress classification  |i unmediated -- volume  |m A14802512343 
998 f f |a H62 .B714 no. 118  |t 0  |l Evans: Library Stacks